<?xml version="1.0" encoding="UTF-8"?>
<record
    xmlns:xsi="http://www.w3.org/2001/XMLSchema-instance"
    xsi:schemaLocation="http://www.loc.gov/MARC21/slim http://www.loc.gov/standards/marcxml/schema/MARC21slim.xsd"
    xmlns="http://www.loc.gov/MARC21/slim">

  <leader>00845nam a2200217Ia 4500</leader>
  <datafield tag="952" ind1=" " ind2=" ">
    <subfield code="0">0</subfield>
    <subfield code="1">0</subfield>
    <subfield code="2">ddc</subfield>
    <subfield code="4">0</subfield>
    <subfield code="7">0</subfield>
    <subfield code="9">164102</subfield>
    <subfield code="a">LDD</subfield>
    <subfield code="b">LDD</subfield>
    <subfield code="d">2019-01-17</subfield>
    <subfield code="l">0</subfield>
    <subfield code="o">8u1.09 &#x917;&#x94B;6414&#x930;&#x93E;</subfield>
    <subfield code="p">H020987</subfield>
    <subfield code="r">2019-01-17</subfield>
    <subfield code="w">2019-01-17</subfield>
    <subfield code="y">H</subfield>
  </datafield>
  <datafield tag="999" ind1=" " ind2=" ">
    <subfield code="c">164360</subfield>
    <subfield code="d">164360</subfield>
  </datafield>
  <controlfield tag="003">LDD</controlfield>
  <controlfield tag="005">20190626145542.0</controlfield>
  <controlfield tag="008">190117s9999    xx            000 0 und d</controlfield>
  <datafield tag="020" ind1=" " ind2=" ">
    <subfield code="a">9788170556763</subfield>
    <subfield code="c">&#x20B9;195</subfield>
  </datafield>
  <datafield tag="040" ind1=" " ind2=" ">
    <subfield code="c">LDD</subfield>
  </datafield>
  <datafield tag="041" ind1=" " ind2=" ">
    <subfield code="a">hi</subfield>
  </datafield>
  <datafield tag="082" ind1=" " ind2=" ">
    <subfield code="2">23</subfield>
    <subfield code="a">8u1.09 &#x917;&#x94B;6414&#x930;&#x93E; </subfield>
  </datafield>
  <datafield tag="100" ind1=" " ind2=" ">
    <subfield code="a">&#x917;&#x94B;&#x930;&#x916;&#x92A;&#x941;&#x930;&#x940;, &#x92B;&#x93C;&#x93F;&#x930;&#x93E;&#x902;&#x915;</subfield>
    <subfield code="e">&#x932;&#x947;&#x916;&#x915; </subfield>
    <subfield code="9">6832</subfield>
  </datafield>
  <datafield tag="245" ind1=" " ind2="0">
    <subfield code="a">&#x930;&#x93E;&#x917;-&#x930;&#x93E;&#x917;/</subfield>
    <subfield code="c">&#x92B;&#x93C;&#x93F;&#x930;&#x93E;&#x902;&#x915; &#x917;&#x94B;&#x930;&#x916;&#x92A;&#x941;&#x930;&#x940;</subfield>
  </datafield>
  <datafield tag="260" ind1=" " ind2=" ">
    <subfield code="b">&#x935;&#x93E;&#x923;&#x940; &#x92A;&#x94D;&#x930;&#x915;&#x93E;&#x936;&#x928;</subfield>
    <subfield code="c">2006</subfield>
    <subfield code="a">&#x928;&#x908; &#x926;&#x93F;&#x932;&#x94D;&#x932;&#x940; </subfield>
  </datafield>
  <datafield tag="300" ind1=" " ind2=" ">
    <subfield code="a">184</subfield>
  </datafield>
  <datafield tag="650" ind1=" " ind2=" ">
    <subfield code="a">&#x909;&#x930;&#x94D;&#x926;&#x942; &#x915;&#x935;&#x93F;&#x924;&#x93E;&#x92F;&#x947; &#x90F;&#x935;&#x902; &#x936;&#x948;&#x932;&#x940; </subfield>
    <subfield code="9">6833</subfield>
  </datafield>
  <datafield tag="901" ind1=" " ind2=" ">
    <subfield code="a">VANI                                                        </subfield>
  </datafield>
  <datafield tag="904" ind1=" " ind2=" ">
    <subfield code="a">Reqst by : J M Parakh</subfield>
  </datafield>
  <datafield tag="942" ind1=" " ind2=" ">
    <subfield code="2">ddc</subfield>
    <subfield code="c">H</subfield>
    <subfield code="e">23</subfield>
    <subfield code="h">8u1.09 &#x917;&#x94B;6414&#x930;&#x93E; </subfield>
  </datafield>
</record>
